Free alebo pay?

Spoplatňovanie kontentu na internete - hlavné problémy.

Guardado en:
Detalles Bibliográficos
Autor principal: Obuch, Jozef
Formato: Capítulo de libro
Lenguaje:eslovaco
Materias:
Etiquetas: Agregar Etiqueta
Sin Etiquetas, Sea el primero en etiquetar este registro!

MARC

LEADER 00000naa$a2200000$$$4500
001 0002206
005 20231003080300.2
041 0 |a slo 
044 |a SK 
245 1 0 |a Free alebo pay?  |c aut. Jozef Obuch 
520 |a Spoplatňovanie kontentu na internete - hlavné problémy. 
610 2 0 |a internet 
610 2 0 |a servery 
610 2 0 |a poplatky 
610 2 0 |a služby 
100 1 |a Obuch, Jozef